| 000 | 00471nam a22001812 4500 | ||
|---|---|---|---|
| 001 | 0000007365 | ||
| 005 | 20151217155834.0 | ||
| 008 | 080116s xx 000 0 eng d | ||
| 020 | _cKES 115 | ||
| 040 |
_aKABU _cKABU |
||
| 245 | 1 | 0 | _aUrban management programme 2000. |
| 260 |
_aNairobi : _bUNCHS, _c2000. |
||
| 300 | _a20 p. | ||
| 650 | 0 |
_aCity planning. _@0000047171 |
|
| 908 | _a080116 | ||
| 950 | _@1 | ||
| 999 |
_c13085 _d13085 |
||